| Поле | Название | Значение |
| |
Тип записи |
a |
| |
Библиографический уровень |
m |
| 001 |
Контрольный номер |
RU\infra-m\znanium\bibl\2230654 |
| 005 |
Дата корректировки |
20260429142240.3 |
| 008 |
Кодируемые данные |
251111s2025 RU g rus u |
| 020 |
Индекс ISBN |
__ |
| a |
ISBN |
978-5-369-01671-8 |
| 020 |
Индекс ISBN |
__ |
| a |
ISBN |
978-5-16-113399-6 (электр. издание) |
| 020 |
Индекс ISBN |
__ |
| a |
ISBN |
978-5-16-012801-6 (ISBN соиздателя) |
| 040 |
Источник каталогиз. |
__ |
| a |
Служба первич. каталог. |
Общество с ограниченной ответственностью «ЗНАНИУМ» |
| 041 |
Код языка издания |
__ |
| a |
Код языка текста |
rus |
| 044 |
Код страны публикации |
__ |
| a |
Код страны публикации |
RU |
| 080 |
Индекс УДК |
__ |
| a |
Индекс УДК |
351.863(075.8) |
| 084 |
Индекс другой классификации/Индекс ББК |
__ |
| 2 |
Источник индекса |
rubbk |
| a |
Индекс другой классификации/Индекс ББК |
65.9я73 |
| 084 |
Индекс другой классификации/Индекс ББК |
__ |
| 2 |
Источник индекса |
okso |
| a |
Индекс другой классификации/Индекс ББК |
38.03.01 |
| 084 |
Индекс другой классификации/Индекс ББК |
__ |
| 2 |
Источник индекса |
okso |
| a |
Индекс другой классификации/Индекс ББК |
38.05.01 |
| 100 |
Автор |
__ |
| a |
Автор |
Кормишкина Л.А. |
| q |
Полное имя |
Кормишкина Людмила Александровна |
| u |
Дополнение |
Национальный исследовательский Мордовский государственный университет им. Н.П. Огарева |
| 245 |
Заглавие |
__ |
| a |
Заглавие |
Экономическая безопасность организации (предприятия) |
| b |
Продолж. заглавия |
Учебное пособие |
| c |
Ответственность |
Национальный исследовательский Мордовский государственный университет им. Н.П. Огарева |
| 250 |
Сведения об издании |
__ |
| a |
Основные сведения об издании |
1 |
| 260 |
Выходные данные |
__ |
| a |
Место издания |
Москва |
| b |
Издательство |
Издательский Центр РИОР |
| c |
Дата издания |
2026 |
| 300 |
Физическое описание |
__ |
| a |
Объем |
293 с. |
| 440 |
Серия |
__ |
| a |
Серия |
Высшее образование |
| 520 |
Аннотация |
__ |
| a |
Аннотация |
В учебном пособии рассматриваются концептуальные и практические аспекты обеспечения экономической безопасности организаций и предприятий. Представленный материал знакомит читателя с содержанием проблемы экономической безопасности внешними и внутренними опасностями угрозами и рисками хозяйствующих субъектов. Предложены методика диагностики и механизм обеспечения экономической безопасности на микроуровне с учетом современных особенностей конкурентной среды. Соответствует Федеральным государственным стандартам третьего поколения предназначено для студентов специальности «Экономическая безопасность» аспирантов преподавателей а также всех интересующихся проблемами экономической безопасности. |
| 521 |
Примеч. о цел. назн. |
__ |
| a |
Примеч. о целев. назн. |
ВО - Бакалавриат |
| 650 |
Тематические рубрики |
__ |
| a |
Основная рубрика |
Экономика. Бухгалтерский учет. Финансы |
| x |
Основная подрубрика |
Теория и история экономики |
| 655 |
Указ. предметных рубрик (устаревшее) |
__ |
| a |
Жанр/ форма (устаревшее) |
Учебное пособие |
| 700 |
Другие авторы |
__ |
| a |
Другие авторы |
Кормишкин Е.Д. |
| q |
Полное имя |
Кормишкин Евгений Данилович |
| u |
Дополнение |
Национальный исследовательский Мордовский государственный университет им. Н.П. Огарева |
| 700 |
Другие авторы |
__ |
| a |
Другие авторы |
Илякова И.Е. |
| q |
Полное имя |
Илякова Ирина Евгеньевна |
| u |
Дополнение |
Национальный исследовательский Мордовский государственный университет им. Н.П. Огарева |
| 856 |
Электронный адрес документа |
4_ |
| a |
Имя сервера/домена |
znanium.ru |
| m |
Помощь |
ebs_support@infra-m.ru |
| n |
Местонахождение сервера |
НИЦ ИНФРА-М |
| u |
URL |
https://znanium.ru/catalog/document?id=472127 |
| 856 |
Электронный адрес документа |
48 |
| a |
Имя сервера/домена |
znanium.ru |
| d |
Путь |
/cover/2230 |
| f |
Электронное имя |
2230654.jpg |
| q |
Тип электронного формата |
image/jpeg |
| u |
URL |
https://znanium.ru/cover/2230/2230654.jpg |
| 911 |
|
__ |
| u |
|
0030=https://znanium.ru/catalog/document?id=472127 |